000 00843nam a22002537a 4500
999 _c1530
_d1530
003 AR-CdUCM
008 190227b ||||| |||| 00| 0 spa d
020 _a8482801554
020 _a8482801562
040 _aMUNICIPALIDAD PROVINCIAL DEL CUSCO
_cBIBLIOTECA MUNICIPAL DEL CUSCO
082 _a858.11 /
_bAL42
100 _aAlighieri, Dante
_95764
245 _aLa divina comedia /
260 _aBogotá :
_bLa Oveja Negra,
_c1983.
300 _a2 tomos ;
_c18 cm.
440 _aHistoria universal de la literatura.
_n55 y 56.
_95765
505 _aContenido: t.1 comedia t.2 Comedia II -- Purgatorio -- Paraiso.
650 _aAutores italianos
_95766
650 _aLiteratura italiana
_9615
650 _aPoesias épicas latinas
_95767
700 _aCrespo, Angel (traducción y prólogo)
_95768
942 _2ddc
_cLIBROS
945 _azta